000 00501nam a2200193Ia 4500
005 20240823033022.0
008 240823s9999||||xx |||||||||||||| ||und||
020 _a81-239-0810-5
041 _aENGLISH
082 _A620.78 P4
100 _a"Eckman,Donald.P"
245 0 _aIndustrial Instrumentation
250 _aIst
260 _c2004
_b"CBS Publishers & Distributors,New "
500 _aTRANSFERED
650 _aIndustrial Instrumentation
_bInstrumentation
942 _cBK
999 _c194815
_d194815